01339nam a2200289 i 450000100060000000300090000600500170001500700030003200800410003502000180007608000200009408000180011424501260013226000780025830000340033649000590037050501150042965000430054465000490058771000620063671000610069871000760075983000530083585200220088899900170091095201220092766858ES-MaACL20250807233241.0t|030911s2003 sp ||||0| spa d a84-451-2433-1 a305-055.2:659.1 a305-055.2(05)03aLa mujer y la publicidad / cestudios realizados por C.E.C.U, ACUREMA, Asociación de Consumidores y Usuarios de Madrid. a[Madrid] : bComunidad de Madrid, Dirección General de la Mujer,c2003. a121 p. : bgráf. ; c22 cm.1 aPublicaciones / Dirección General de la Mujer ; v278 aContiene: La imagen de la mujer en la publicidad ; Los mensajes publicitarios dirigidos a la mujer adolescente 7aMujeres en la publicidad2embne915340 4aPublicaciones periódicas femeninas.9166072 aConfederación Estatal de Consumidores y Usuarios.931592 aAsociación de Consumidores y Usuarios de Madrid.915751 aMadrid (Comunidad Autónoma). bDirección General de la Mujer.9561510aDGM, Dirección General de la Mujerv279228545 aES-MaACLjL-27331 c66858d66858 00104070aATENEOMbATENEOMcDEPO2d2008-01-17eSCl0oL-27331p1070027r2023-02-23 00:00:00w2023-02-23yMONOGRAFIA